Geography Quiz

Random Geography or Asia Quiz

20 Country Snapshot V Quiz Stats

 Plays Quiz Updated Jul 17, 2016

Support Sporcle.
Go Orange.
Score 0/20 Timer 02:00
11 Plays Today
% Correct
China
99.4%
India
98.2%
Japan
97.8%
Vietnam
95.8%
Thailand
93.1%
Indonesia
92.8%
Laos
92.7%
Nepal
91.7%
Cambodia
90.5%
South Korea
90%
% Correct
Philippines
88.2%
Myanmar
87.5%
Malaysia
87%
Bangladesh
85.7%
Taiwan
85.5%
Singapore
81.3%
Sri Lanka
81.1%
Bhutan
78.7%
Brunei
68.7%
Palau
26.5%

From the Vault

Last 60 All-NBA First Teams

by beatles1964

Sports 20m
If all these teams played each other in a massive tournament, who would come out on top?
Remove Ads.
Support Sporcle.
Get the best of Sporcle when you Go Orange. This ad-free experience offers more features, more stats, and more fun while also helping to support Sporcle. Thank you for becoming a member.

Show Comments

Extras

Top Quizzes Today


Score Distribution

Your Account Isn't Verified!

In order to create a playlist on Sporcle, you need to verify the email address you used during registration. Go to your Sporcle Settings to finish the process.

Report this User

Report this user for behavior that violates our Community Guidelines.

Details: